00772cam a2200241 450000100060000000300080000600500170001400800410003103500140007203500120008604000240009804100080012208200150013010000370014524500620018225000130024426000530025730000200031049000560033050000660038650400300045260000480048218108BD-RjUL20211209000234.0200318s1965 enk b 00000 eng d a(BD-RjUL) a2308812 aXeroxbengcBD-RjUL aeng0 a821.092231 aRajan, B.q(Balachandra),d1920-10aW. B. Yeats, a critical introduction /cBalachandra Rajan a2nd. ed. aLondon :bHutchinson University Library,c[1969] a207 p.;c20 cm.0 a[Hutchinson university library: English literature] aImprint covered by label: New York, Hillary House Publishers. aBibliography: p. 193-199.10aYeats, W. B.q(William Butler),d1865-1939.